| 000 | 00534nam a22001817a 4500 | ||
|---|---|---|---|
| 005 | 20251013144459.0 | ||
| 008 | 251013b |||||||| |||| 00| 0 eng d | ||
| 020 | _a1843342375 | ||
| 040 |
_aNational Science Library _cNational Science Library |
||
| 080 |
_a347.77.043 _bP7 |
||
| 100 | _aComerford, Kieran | ||
| 245 | _aR & D and licensing building value through intellectual assets | ||
| 260 |
_aEngland: _bChandos Publishing, _c2007 |
||
| 300 | _axix, 217p. | ||
| 650 | _aTechnology | ||
| 650 | _aInnovation | ||
| 942 |
_2udc _cBK |
||
| 999 |
_c67808 _d67808 |
||